NRL Warriors multi-answer quiz #3 - Statistics

General Stats
  • This quiz has been taken 4 times
  • The average score is 50 of 72
Answer Stats
Question Tile Select % Correct
Seasons in which the Warriors made the finals. 2002 Yes
100%
Seasons in which the Warriors made the finals. 2007 Yes
100%
Seasons in which the Warriors made the finals. 2012 No
100%
Players who have scored 20+ tries in a season for the Warriors. Dallin Watene-Zelezniak Yes
100%
Players who have scored a hat-trick for the Warriors. David Fusitua Yes
100%
Players who have scored 20+ tries in a season for the Warriors. Francis Meli Yes
100%
Players who made their Warriors debut as a teenager. John Kirwan No
100%
Coaches who have won Dally M Coach of the Year at the Warriors. John Monie No
100%
Warriors who have scored a Grand Final try. Manu Vatuvei Yes
100%
Teams the Warriors have played in the finals. North Queensland Cowboys Yes
100%
Teams the Warriors have played in Wellington. North Queensland Cowboys No
100%
Players who made their Warriors debut as a teenager. Ryan Hoffman No
100%
Players who have scored a hat-trick for the Warriors. Shaun Johnson Yes
100%
Warriors who have scored a Grand Final try. Stacey Jones Yes
100%
Teams the Warriors have played in the finals. St George Illawarra Dragons No
100%
Seasons in which the Warriors made the finals. 2001 Yes
75%
Seasons in which the Warriors made the finals. 2010 Yes
75%
Seasons in which the Warriors made the finals. 2019 No
75%
Players who made their Warriors debut as a teenager. Adam Blair No
75%
Coaches who have won Dally M Coach of the Year at the Warriors. Andrew Webster Yes
75%
Players who have never lost a match against the Warriors. Brett Stewart Yes
75%
Teams the Warriors have played in Wellington. Brisbane Broncos No
75%
Winners of the Warriors Rookie of the Year award. Bunty Afoa Yes
75%
Players who have never lost a match against the Warriors. Cameron Munster No
75%
Teams the Warriors have scored 50 or more points against in a match. Canberra Raiders Yes
75%
Teams the Warriors have played in the finals. Canterbury Bulldogs Yes
75%
Players who have scored a hat-trick for the Warriors. Chanel Harris-Tavita No
75%
Players who have scored 20+ tries in a season for the Warriors. Clinton Toopi No
75%
Warriors who have scored a Grand Final try. Clinton Toopi No
75%
Teams the Warriors have scored 50 or more points against in a match. Cronulla Sharks No
75%
Players who have scored a hat-trick for the Warriors. Denan Kemp No
75%
Players who have never lost a match against the Warriors. Jahrome Hughes Yes
75%
Warriors who have scored a Grand Final try. James Maloney No
75%
Players who played only one season at the Warriors. James Maloney No
75%
Players who played only one season at the Warriors. Kevin Campion No
75%
Players who played only one season at the Warriors. Kieran Foran Yes
75%
Players who made their Warriors debut as a teenager. Manu Vatuvei Yes
75%
Players who have scored 20+ tries in a season for the Warriors. Manu Vatuvei Yes
75%
Winners of the Warriors Rookie of the Year award. Motu Tony Yes
75%
Teams the Warriors have played in the finals. Parramatta Eels Yes
75%
Players who have scored 20+ tries in a season for the Warriors. Sean Hoppe No
75%
Players who played only one season at the Warriors. Shaun Berrigan Yes
75%
Warriors who have scored a Grand Final try. Shaun Johnson No
75%
Players who made their Warriors debut as a teenager. Simon Mannering Yes
75%
Teams the Warriors have played in the finals. South Sydney Rabbitohs No
75%
Coaches who have won Dally M Coach of the Year at the Warriors. Stephen Kearney No
75%
Players who made their Warriors debut as a teenager. Thomas Leuluai Yes
75%
Teams the Warriors have played in the finals. Wests Tigers Yes
75%
Teams the Warriors have scored 50 or more points against in a match. Brisbane Broncos Yes
50%
Teams the Warriors have played in Wellington. Canberra Raiders Yes
50%
Teams the Warriors have played in Wellington. Canterbury Bulldogs Yes
50%
Coaches who have won Dally M Coach of the Year at the Warriors. Daniel Anderson Yes
50%
Players who played only one season at the Warriors. Dean Bell Yes
50%
Winners of the Warriors Rookie of the Year award. Eliesa Katoa No
50%
Warriors who have scored a Grand Final try. Elijah Taylor Yes
50%
Teams the Warriors have scored 50 or more points against in a match. Gold Coast Titans No
50%
Coaches who have won Dally M Coach of the Year at the Warriors. Ivan Cleary No
50%
Winners of the Warriors Rookie of the Year award. Konrad Hurrell No
50%
Teams the Warriors have played in Wellington. Newcastle Knights Yes
50%
Teams the Warriors have scored 50 or more points against in a match. Penrith Panthers Yes
50%
Players who have never lost a match against the Warriors. Stephen Crichton Yes
50%
Coaches who have won Dally M Coach of the Year at the Warriors. Todd Payten No
50%
Winners of the Warriors Rookie of the Year award. Tuimoala Lolohea Yes
50%
Players who have never lost a match against the Warriors. Wendell Sailor No
50%
Players who have never lost a match against the Warriors. Brett Morris Yes
25%
Players who have scored a hat-trick for the Warriors. James Maloney Yes
25%
Winners of the Warriors Rookie of the Year award. Jazz Tevaga No
25%
Players who have scored 20+ tries in a season for the Warriors. Ken Maumalo No
25%
Players who have scored a hat-trick for the Warriors. Kevin Locke Yes
25%
Players who played only one season at the Warriors. Matthew Lodge No
25%
Teams the Warriors have scored 50 or more points against in a match. Parramatta Eels No
25%
Teams the Warriors have played in Wellington. Wests Tigers Yes
25%
No matching quizzes found
Score Distribution
Percent of People with Each Score
Percentile by Number Answered
Your Score History
You have not taken this quiz